000 00272nam a2200109 4500
008 160623b xxu||||| |||| 00| 0 eng d
100 _9687
_a Horan, D.J
245 _aInfanticide
260 _aUtah
_b Brigham Young University
_c1982
300 _aInfanticide
942 _2ddc
_cBK
999 _c554
_d554